[Event "38th Olympiad w"]
[Site "Dresden GER"]
[Date "2008.11.16"]
[Round "4"]
[White "Shaughnessy, E."]
[Black "Giulian, R."]
[Result "0-1"]
[WhiteElo "1899"]
[BlackElo "2032"]
[PlyCount "84"]
[EventDate "2008.11.13"]

1. e4 e6 2. d4 d5 3. exd5 exd5 4. c4 Nf6 5. Nc3 Be7 6. Nf3 O-O 7. Be2 Nc6 8.
O-O dxc4 9. Bxc4 Bg4 10. d5 Bxf3 11. Qxf3 Ne5 12. Qe2 Nxc4 13. Qxc4 a6 14. Bf4
Bd6 15. Bxd6 Qxd6 16. a4 Rfe8 17. Rfe1 h6 18. Ne4 Nxe4 19. Rxe4 Rxe4 20. Qxe4
Rd8 21. g3 Qxd5 22. Qxd5 Rxd5 23. a5 Rb5 24. Ra2 Kf8 25. h4 Ke7 26. Kf1 Kd6 27.
Ke2 Kc5 28. Kd2 Kb4 29. Ra3 Rxa5 30. Re3 Rd5+ 31. Kc2 Rd7 32. Re4+ Kb5 33. h5
c5 34. Kc3 a5 35. g4 b6 36. b3 Rd4 37. Re7 Rf4 38. Re5 Rxg4 39. Rf5 f6 40. f3
Rg5 41. Rxg5 hxg5 42. Kd3 f5 0-1

[Event "38th Olympiad w"]
[Site "Dresden GER"]
[Date "2008.11.17"]
[Round "5"]
[White "Leite, C."]
[Black "Giulian, R."]
[Result "1-0"]
[WhiteElo "2153"]
[BlackElo "2032"]
[PlyCount "71"]
[EventDate "2008.11.13"]

1. e4 e6 2. d3 d5 3. Nd2 Nf6 4. Ngf3 Be7 5. g3 O-O 6. Bg2 c5 7. O-O Nc6 8. Re1
b5 9. e5 Nd7 10. Nf1 a5 11. h4 b4 12. a4 bxa3 13. bxa3 a4 14. h5 Rb8 15. Bf4
Na5 16. Ne3 Ba6 17. Bh3 Rb7 18. Kh2 d4 19. Ng4 Nb6 20. Qd2 Nd5 21. Bg5 Nc6 22.
Bf4 Kh8 23. Ng5 Bxg5 24. Bxg5 Qc7 25. Bg2 Nc3 26. h6 g6 27. Bf6+ Kg8 28. Bg7 f5
29. exf6 Nd8 30. Bxf8 Kxf8 31. Ne5 Rb6 32. Qf4 Qd6 33. f7 Qe7 34. Nxg6+ hxg6
35. h7 Kg7 36. h8=Q+ 1-0

[Event "38th Olympiad w"]
[Site "Dresden GER"]
[Date "2008.11.17"]
[Round "5"]
[White "Wilman, C."]
[Black "Pintor, A."]
[Result "1-0"]
[WhiteElo "2037"]
[BlackElo "2152"]
[PlyCount "103"]
[EventDate "2008.11.13"]

1. d4 Nf6 2. Nf3 g6 3. Bg5 Bg7 4. Nbd2 O-O 5. e4 d6 6. h3 Nbd7 7. Bc4 e5 8. O-O
c6 9. c3 Qc7 10. Re1 b5 11. Bf1 Bb7 12. a4 a6 13. axb5 cxb5 14. d5 h6 15. Bxf6
Nxf6 16. Qb3 Rab8 17. Qa3 Nd7 18. c4 b4 19. Qa5 Qxa5 20. Rxa5 Nc5 21. g4 f5 22.
Nh4 fxg4 23. hxg4 Rf4 24. f3 Kh7 25. Ng2 Rf7 26. Ne3 Bf6 27. Be2 Rg8 28. Rxc5
dxc5 29. Nb3 Bd8 30. Rd1 h5 31. Kg2 Bc8 32. Rh1 Rf4 33. Nc2 Kg7 34. Nxc5 hxg4
35. Nxb4 Rgf8 36. Rf1 gxf3+ 37. Rxf3 Rg4+ 38. Rg3 Rgf4 39. Nbd3 Bb6 40. Rf3
Rg4+ 41. Rg3 Rh4 42. Bf3 Rfh8 43. Kf1 Kf6 44. Bg2 R8h7 45. d6 g5 46. Na4 Bd4
47. Nac5 g4 48. b4 Rh3 49. Bxh3 gxh3 50. d7 Bxd7 51. Nxd7+ Ke6 52. Nf8+ 1-0

[Event "38th Olympiad w"]
[Site "Dresden GER"]
[Date "2008.11.21"]
[Round "8"]
[White "Lang, Hea"]
[Black "Nekrasova, E."]
[Result "1/2-1/2"]
[WhiteElo "2063"]
[BlackElo "2091"]
[PlyCount "75"]
[EventDate "2008.11.13"]

1. e4 c5 2. Nc3 Nc6 3. g3 g6 4. Bg2 Bg7 5. d3 d6 6. Be3 e5 7. Qd2 Nge7 8. f4
Be6 9. Nf3 Nd4 10. O-O Nxf3+ 11. Rxf3 exf4 12. Bxf4 O-O 13. Bh6 Nc6 14. Bxg7
Kxg7 15. Rf2 Qd7 16. Ne2 f5 17. Nf4 fxe4 18. Bxe4 d5 19. Qc3+ Kg8 20. Bg2 b6
21. Re1 d4 22. Qd2 Bf5 23. Rfe2 Rae8 24. h3 Rxe2 25. Rxe2 Qd6 26. Qe1 Bd7 27.
Bd5+ Kh8 28. c4 Nb4 29. Re7 g5 30. Nh5 Nxd5 31. cxd5 Qxd5 32. Rxd7 Qxd7 33.
Qe5+ Kg8 34. Qxg5+ Kh8 35. Qe5+ Kg8 36. Qg5+ Kh8 37. Qe5+ Kg8 38. Qg5+ 1/2-1/2

[Event "38th Olympiad w"]
[Site "Dresden GER"]
[Date "2008.11.21"]
[Round "8"]
[White "Jalloul, M."]
[Black "Giulian, R."]
[Result "1/2-1/2"]
[WhiteElo "1889"]
[BlackElo "2032"]
[PlyCount "82"]
[EventDate "2008.11.13"]

1. e4 e6 2. d3 d5 3. Nd2 Nf6 4. g3 Be7 5. Bg2 O-O 6. Ngf3 c5 7. O-O Nc6 8. Re1
b5 9. e5 Nd7 10. Nf1 a5 11. h4 b4 12. N1h2 Ba6 13. Bf4 Nb6 14. Ng5 Bxg5 15.
Bxg5 Qc7 16. Ng4 Nd7 17. Bf4 Qd8 18. Nh2 Qe8 19. Bh3 a4 20. a3 bxa3 21. bxa3
Nd4 22. Nf3 Nxf3+ 23. Qxf3 Rb8 24. Qg4 Kh8 25. Rab1 c4 26. d4 Qe7 27. Qf3 Rxb1
28. Rxb1 Rb8 29. Ra1 Rb6 30. Bd2 Nb8 31. Bb4 Qe8 32. Qc3 Nc6 33. Bc5 Rb5 34. f4
Bc8 35. Rf1 Kg8 36. Bg4 Bd7 37. Bd1 Na5 38. Bb4 Nc6 39. Bc5 Na5 40. Bb4 Nc6 41.
Bc5 Na5 1/2-1/2

[Event "38th Olympiad w"]
[Site "Dresden GER"]
[Date "2008.11.22"]
[Round "9"]
[White "Ramirez M., E."]
[Black "Lang, Hea"]
[Result "0-1"]
[WhiteElo "2016"]
[BlackElo "2063"]
[PlyCount "58"]
[EventDate "2008.11.13"]

1. e4 e5 2. Nf3 Nc6 3. Nc3 Nf6 4. Bb5 Bb4 5. Nd5 Nxd5 6. exd5 Nd4 7. Nxd4 exd4
8. Qg4 Qe7+ 9. Be2 d3 10. cxd3 O-O 11. O-O f5 12. Qf3 Qe5 13. Bd1 b6 14. Bb3
Bd6 15. Qh3 Bb7 16. d4 Qxd4 17. Qe3 Qh4 18. f4 Rae8 19. Qf3 Re7 20. g3 Qh6 21.
Bc4 Bc5+ 22. Kg2 Qd6 23. a3 Rfe8 24. a4 Re4 25. b3 Bxd5 26. Bxd5+ Qxd5 27. Kh1
Qd4 28. Rb1 Re1 29. d3 Qg1+ 0-1

[Event "38th Olympiad w"]
[Site "Dresden GER"]
[Date "2008.11.22"]
[Round "9"]
[White "Wilman, C."]
[Black "Barrenechea, S."]
[Result "1-0"]
[WhiteElo "2037"]
[BlackElo "1994"]
[PlyCount "106"]
[EventDate "2008.11.13"]

1. d4 d5 2. Bf4 Nf6 3. e3 e6 4. Nd2 Nbd7 5. Bd3 c5 6. c3 Qb6 7. Qc2 Bd6 8. Ngf3
Qc7 9. Bxd6 Qxd6 10. O-O O-O 11. Rfe1 e5 12. e4 h6 13. dxe5 Nxe5 14. Nxe5 Qxe5
15. exd5 Qxd5 16. Bc4 Qc6 17. Nf3 b5 18. Ne5 Qb6 19. Bxf7+ Rxf7 20. Nxf7 Kxf7
21. Qe2 Be6 22. a4 bxa4 23. Rxa4 c4 24. Qf3 Bd5 25. Qe3 Qb7 26. Qc5 a6 27. Rb4
Qd7 28. Rd1 Re8 29. h3 Qe6 30. Rb6 Qe4 31. Rxf6+ Kxf6 32. Rxd5 Qe1+ 33. Kh2 Kf7
34. Rd7+ Kg8 35. Qxc4+ Kh8 36. Qd4 Rg8 37. c4 Qb4 38. c5 Qxd4 39. Rxd4 Rc8 40.
Rc4 Kg8 41. b4 Kf7 42. Kg3 Ke6 43. Kf3 Kd5 44. Rg4 Rc7 45. Rf4 Rb7 46. h4 Ke5
47. c6 Rc7 48. Rc4 Kd5 49. Rc5+ Kd4 50. Rc1 g6 51. g3 Rf7+ 52. Kg4 Rc7 53. h5
Kd5 1-0

[Event "38th Olympiad w"]
[Site "Dresden GER"]
[Date "2008.11.22"]
[Round "9"]
[White "Solis, G."]
[Black "Officer, A."]
[Result "1/2-1/2"]
[WhiteElo "1929"]
[BlackElo "1813"]
[PlyCount "37"]
[EventDate "2008.11.13"]

1. d4 d5 2. Nf3 Nf6 3. e3 c6 4. Bd3 Bg4 5. Nbd2 e6 6. c3 Nbd7 7. O-O Bd6 8. e4
dxe4 9. Nxe4 Nxe4 10. Bxe4 Qc7 11. h3 Bh5 12. Re1 Nf6 13. Bd3 O-O 14. Qe2 Rfe8
15. Bg5 Nd5 16. Qe4 Bg6 17. Qe2 Bh5 18. Qe4 Bg6 19. Qe2 1/2-1/2